Giáo trình Access và ứng dụng

में बचाया:
ग्रंथसूची विवरण
मुख्य लेखक: Huỳnh, Chiến Thắng
स्वरूप: पुस्तक
भाषा:Undetermined
प्रकाशित: Hà Nội Giáo dục 2004
विषय:
टैग : टैग जोड़ें
कोई टैग नहीं, इस रिकॉर्ड को टैग करने वाले पहले व्यक्ति बनें!
Thư viện lưu trữ: Trung tâm Học liệu Trường Đại học Cần Thơ
LEADER 00658nam a2200205Ia 4500
001 CTU_64334
008 210402s9999 xx 000 0 und d
020 |b 17500 
082 |a 005.713 
082 |b Th116 
100 |a Huỳnh, Chiến Thắng 
245 0 |a Giáo trình Access và ứng dụng 
245 0 |c Huỳnh Chiến Thắng 
260 |a Hà Nội 
260 |b Giáo dục 
260 |c 2004 
650 |a Access (computer programs),Database management,Phần mềm ứng dụng Access 
650 |x Computer programs 
904 |i TUYẾN (Nguyênsửa) 
980 |a Trung tâm Học liệu Trường Đại học Cần Thơ